000 00246nam a2200109Ia 4500
008 190914s9999||||xx |||||||||||||| ||und||
100 _aHarold Lorin
245 0 _aDoing IT Right
260 _aLondon
_bAddison
_c2000
300 _a241
942 _cBK
999 _c8480
_d8480